[Event "AUTO-ADV-4915"]
[Site "http://www.queenalice.com/game.php?id=1868446"]
[Date "2026.1.26"]
[Round "1"]
[White "Magnaroc"]
[Black "Nolimet"]
[Result "0-1"]
[WhiteElo "1561"]
[BlackElo "1975"]

1. e4 c5 2. Nf3 Nc6 3. d4 cxd4 4. Nxd4 g6 5. Nxc6 bxc6 6. Bc4 e6 7. O-O Bg7 8.
c3 d5 9. exd5 cxd5 10. Bb3 Nf6 11. Bg5 O-O 12. Nd2 a5 0-1

[Event "AUTO-ADV-4915"]
[Site "http://www.queenalice.com/game.php?id=1868447"]
[Date "2026.1.26"]
[Round "1"]
[White "Nolimet"]
[Black "Magnaroc"]
[Result "1-0"]
[WhiteElo "1977"]
[BlackElo "1559"]

1. e4 e5 2. Nc3 Nf6 3. f4 d5 4. fxe5 Nxe4 5. Qf3 Nxc3 6. bxc3 Nc6 7. d4 a6 8.
Bd3 Be7 9. Ne2 O-O 10. O-O f6 11. Qh5 f5 12. Ng3 1-0

[Event "AUTO-ADV-4915"]
[Site "http://www.queenalice.com/game.php?id=1868462"]
[Date "2026.1.26"]
[Round "1"]
[White "Nolimet"]
[Black "Capixaba789"]
[Result "0-1"]
[WhiteElo "1969"]
[BlackElo "1914"]

1. e4 e5 2. Nc3 Nf6 3. f4 exf4 4. e5 Ng8 5. Nf3 Be7 6. h4 d5 7. d4 Be6 8. Bxf4
Nc6 9. Qd2 a6 10. Bd3 h5 11. O-O-O Nh6 12. Bxh6 Rxh6 13. Ne2 Qd7 14. Ng3 Bg4 15.
c3 O-O-O 16. Rdf1 Kb8 17. Ng5 Bxg5 18. Qxg5 Rg8 19. Bf5 Bxf5 20. Nxf5 Rg6 21.
Qxh5 Rxg2 22. Ne3 Rg6 23. Qf5 Qxf5 24. Rxf5 f6 25. Nxd5 fxe5 26. dxe5 Re8 27.
Re1 Rh6 28. h5 Ne7 29. Rg5 Nxd5 30. Rxg7 Rxh5 31. e6 Re7 32. Rg8+ Ka7 33. Kc2
Rh2+ 34. Kb3 Rh6 35. c4 Nf4 36. Rf1 Nxe6 37. Re1 Nc5+ 0-1

[Event "AUTO-ADV-4915"]
[Site "http://www.queenalice.com/game.php?id=1868463"]
[Date "2026.1.26"]
[Round "1"]
[White "Capixaba789"]
[Black "Nolimet"]
[Result "0-1"]
[WhiteElo "1976"]
[BlackElo "1966"]

1. d4 f5 2. e4 fxe4 3. Nc3 Nf6 4. Bg5 Nc6 5. Bxf6 exf6 6. Nxe4 Qe7 7. Ne2 Qxe4
8. c3 d5 9. Qd2 Bd6 10. O-O-O O-O 11. Qd3 Qxd3 12. Rxd3 Bf5 13. Rd1 Rfe8 14. Ng3
Bf4+ 15. Rd2 Bxd2+ 16. Kxd2 Bg6 17. Bd3 Bxd3 0-1

[Event "AUTO-ADV-4915"]
[Site "http://www.queenalice.com/game.php?id=1868464"]
[Date "2026.1.26"]
[Round "1"]
[White "Nolimet"]
[Black "Slarty_Bartfast"]
[Result "0-1"]
[WhiteElo "2054"]
[BlackElo "1913"]

1. e4 d6 2. d4 Nf6 3. Nc3 g6 4. f3 Bg7 5. Be3 c6 6. g4 O-O 7. Qd2 Re8 8. h4 e5
9. h5 d5 10. hxg6 fxg6 11. Nge2 dxe4 12. Nxe4 Nxe4 13. fxe4 Bxg4 14. d5 Qd6 15.
Nc3 Nd7 16. Bh6 Bf6 17. Qh2 Qb4 18. Bc1 Re7 19. Qg3 h5 20. Be2 Rh7 21. Bxg4 hxg4
22. Rxh7 Kxh7 23. Qxg4 Rd8 24. Qh3+ Kg8 25. Qe6+ Kg7 26. dxc6 Bh4+ 27. Ke2 bxc6
28. Qxc6 Bf6 29. a3 Qb6 30. Qxb6 Nxb6 31. b3 g5 32. Be3 Kg6 33. a4 g4 34. a5 Nc8
35. Nd5 Bg5 36. Bxg5 Kxg5 37. Rf1 Nd6 38. Ke3 Rh8 39. Re1 Rh3+ 40. Kd2 Rh2+ 41.
Kc1 g3 42. Kb2 Kg4 43. Nf6+ Kf3 44. Rf1+ Rf2 45. Rg1 g2 46. Rd1 Rf1 47. Rd3+ Ke2
48. Ng4 g1=Q 0-1

[Event "AUTO-ADV-4915"]
[Site "http://www.queenalice.com/game.php?id=1868465"]
[Date "2026.1.26"]
[Round "1"]
[White "Slarty_Bartfast"]
[Black "Nolimet"]
[Result "0-1"]
[WhiteElo "1868"]
[BlackElo "2027"]

1. d4 f5 2. c4 Nf6 3. Nc3 d6 4. Nf3 g6 5. Bf4 Bg7 6. e3 c6 7. b4 O-O 8. Qb3 Kh8
9. O-O-O a5 10. b5 Nh5 11. c5 Nxf4 12. exf4 Qe8 13. bxc6 bxc6 14. a4 Qf7 15. Bc4
Qf6 16. Ng5 d5 17. Be2 Nd7 18. h4 Rb8 19. Qa2 Rb4 20. Nf3 Nxc5 21. Kc2 Ba6 22.
Bxa6 Nxa6 23. Ne5 Rc8 24. Rd2 Qf8 25. h5 gxh5 26. Rxh5 Bxe5 27. fxe5 Nc7 28. f4
Qf7 29. Rh3 Ne6 30. Ne2 Rcb8 31. Rc3 Qe8 32. Kd3 h5 33. Ke3 c5 34. dxc5 Rxa4 35.
Qxd5 Re4+ 36. Kf3 Qg6 37. Kf2 Rd8 38. Qxd8+ Nxd8 39. Rxd8+ Kg7 40. Rg3 Rxe2+ 41.
Kxe2 Qxg3 0-1

[Event "AUTO-MASTER-3294"]
[Site "http://www.queenalice.com/game.php?id=1868504"]
[Date "2026.1.26"]
[Round "1"]
[White "Nolimet"]
[Black "Takeda"]
[Result "1-0"]
[WhiteElo "1951"]
[BlackElo "2177"]

1. e4 g6 2. d4 Bg7 3. Nc3 d6 4. Be3 Nf6 5. f3 O-O 6. Qd2 c5 7. Nge2 cxd4 8. Nxd4
Nc6 9. g4 Ne5 10. Be2 a6 11. h4 Nfxg4 12. fxg4 Nxg4 13. h5 Nxe3 14. Qxe3 e5 15.
Nf3 Bg4 16. h6 Bf6 17. Qg1 Bxf3 18. Bxf3 Bh4+ 19. Ke2 Qg5 20. Nd5 f5 21. Qxg5
Bxg5 22. Rad1 Rac8 23. c3 Rc5 24. Kd3 fxe4+ 25. Bxe4 Rf2 26. b4 Rc8 27. a4 a5
28. Nb6 Rc7 29. Nd5 Rcf7 30. Rdg1 Bf4 31. bxa5 Rd2+ 32. Kc4 Bh2 33. Rf1 Rxf1 34.
Rxf1 Re2 35. Ne7+ 1-0

[Event "AUTO-MASTER-3294"]
[Site "http://www.queenalice.com/game.php?id=1868505"]
[Date "2026.1.26"]
[Round "1"]
[White "Takeda"]
[Black "Nolimet"]
[Result "0-1"]
[WhiteElo "2180"]
[BlackElo "1979"]

1. e4 c5 2. Nf3 Nc6 3. Bb5 g6 4. O-O Bg7 5. c3 d5 6. exd5 Qxd5 7. d3 Bg4 8. c4
Qd6 9. Bxc6+ Qxc6 10. Ne5 Bxd1 11. Nxc6 Be2 12. Re1 Bxd3 13. Ne5 Bf5 14. Nc3 Nf6
15. Bg5 Rd8 16. Rad1 Rxd1 17. Rxd1 h6 18. Bh4 g5 19. Bg3 O-O 20. Nd5 Nxd5 21.
cxd5 Rd8 22. Rd2 Be4 23. b3 Bxd5 24. Ng4 e6 25. Ne3 h5 26. h4 g4 27. f3 Bd4 28.
Bf2 Bxe3 29. Bxe3 gxf3 30. gxf3 b6 31. Kf2 Kh7 32. Bg5 Rc8 33. f4 c4 34. Rc2 Rc6
35. b4 Kg6 36. Be7 f6 37. b5 Rc8 38. Ke3 Kf7 39. Bb4 Rg8 40. Be1 Rg1 41. Bf2 Rb1
42. Kd4 Rxb5 43. Kc3 Rb1 44. a4 Rb3+ 45. Kd4 Rd3# 0-1

[Event "AUTO-MASTER-3294"]
[Site "http://www.queenalice.com/game.php?id=1868506"]
[Date "2026.1.26"]
[Round "1"]
[White "Nolimet"]
[Black "rmvwoods"]
[Result "1-0"]
[WhiteElo "1976"]
[BlackElo "2026"]

1. e4 e5 2. Nc3 Nf6 3. f4 d5 4. fxe5 Nxe4 5. Qf3 Nxc3 6. dxc3 Be6 7. Bd3 Nc6 8.
Qg3 f6 9. Nf3 Qd7 10. exf6 gxf6 11. Be3 O-O-O 12. O-O Bd6 13. Qh4 Qg7 14. Nd4
Nxd4 15. cxd4 Rhg8 16. Rf2 f5 17. Raf1 Be7 18. Qf4 Rdf8 19. Qe5 Qxe5 20. dxe5 b6
21. g3 h5 22. Bxf5 Bxf5 23. Rxf5 Rxf5 24. Rxf5 h4 25. Bf4 hxg3 26. Bxg3 Kd7 27.
Kf1 Rf8 28. Rxf8 Bxf8 29. Ke2 Ke6 30. Kd3 c5 31. h4 Bg7 32. Ke3 Bxe5 33. Bxe5
Kxe5 34. h5 d4+ 35. Kd3 Kf5 36. c3 dxc3 37. Kxc3 Kg5 38. b4 cxb4+ 39. Kxb4 a5+
40. Kb5 Kxh5 41. Kxb6 a4 42. a3 Kg5 43. Kb5 Kf6 44. Kxa4 Ke6 45. Kb5 Kd6 46. Kb6
Kd7 47. Kb7 1-0

[Event "AUTO-MASTER-3294"]
[Site "http://www.queenalice.com/game.php?id=1868507"]
[Date "2026.1.26"]
[Round "1"]
[White "rmvwoods"]
[Black "Nolimet"]
[Result "1-0"]
[WhiteElo "2029"]
[BlackElo "1994"]

1. e4 c5 2. Nf3 Nc6 3. Bb5 g6 4. O-O Bg7 5. Re1 d6 6. d4 cxd4 7. Nxd4 Qb6 8. c3
e6 9. Ba4 Bxd4 10. Qxd4 Qxd4 11. cxd4 Bd7 12. Be3 Nge7 13. Nd2 a6 14. Nf3 O-O
15. Bg5 f6 16. Bf4 e5 17. Bh6 Rfc8 18. d5 Nb8 19. Bb3 g5 20. Re3 Ng6 21. Nxg5
fxg5 22. Bxg5 Bb5 23. h4 Nd7 24. Rg3 Kf7 25. h5 Ne7 26. Bxe7 Kxe7 27. Rg7+ Kf6
28. Rxh7 Rh8 29. Rxh8 Rxh8 30. g4 Nc5 31. f3 Nd3 32. Rb1 a5 33. a4 Bd7 34. Bc2
Nf4 35. b4 axb4 36. Rxb4 Ne2+ 37. Kf2 Nd4 38. Bd1 Rb8 39. Rb6 Ke7 40. h6 Rh8 41.
g5 Bc8 42. Kg3 Kd7 43. f4 Kc7 44. a5 Bd7 45. fxe5 dxe5 46. g6 Rxh6 47. g7 Rh3+
48. Kg2 1-0

[Event "AUTO-MASTER-3294"]
[Site "http://www.queenalice.com/game.php?id=1868508"]
[Date "2026.1.26"]
[Round "1"]
[White "Nolimet"]
[Black "andrevillares"]
[Result "1-0"]
[WhiteElo "2024"]
[BlackElo "2185"]

1. e4 c6 2. Nc3 d5 3. Nf3 dxe4 4. Nxe4 Bf5 5. Ng3 Bg6 6. h4 h6 7. Bc4 Nd7 8. Qe2
Ngf6 9. h5 Bh7 10. d4 e6 11. c3 Be7 12. Bf4 Nb6 13. Bd3 Bxd3 14. Qxd3 c5 15.
Qb5+ Qd7 16. Qxd7+ Nbxd7 17. O-O-O O-O 18. Ne5 cxd4 19. Nxd7 Nxd7 20. Rxd4 Nb6
21. Bd2 Rfd8 22. Be3 Rac8 23. Rhd1 Nd5 24. a4 Bc5 25. Re4 Bd6 26. Ne2 Nxe3 27.
fxe3 Kf8 28. Nd4 a6 29. Nf3 Ke7 30. Red4 Bc5 31. Rxd8 Rxd8 32. Rxd8 Kxd8 33. Kd2
Ke7 34. b4 Bd6 35. g4 Kf6 36. Kd3 g6 37. Ke4 b5 38. axb5 axb5 39. Nd4 gxh5 40.
gxh5 Kg5 41. Nxb5 Be7 42. Nd4 Kxh5 43. b5 Bc5 44. Kf4 Bd6+ 45. Kf3 Kg5 46. b6 h5
47. b7 h4 48. Kg2 Kg4 49. Nc6 h3+ 50. Kh1 Kf3 51. c4 Kxe3 52. c5 Bc7 53. b8=Q
Bxb8 54. Nxb8 f5 55. c6 f4 56. c7 f3 57. c8=Q f2 58. Qxe6+ Kd2 59. Qxh3 Ke2 60.
Qg4+ Ke1 61. Qe4+ Kf1 62. Qb1+ Ke2 63. Kg2 Ke3 64. Qf1 1-0

[Event "AUTO-MASTER-3294"]
[Site "http://www.queenalice.com/game.php?id=1868509"]
[Date "2026.1.26"]
[Round "1"]
[White "andrevillares"]
[Black "Nolimet"]
[Result "1-0"]
[WhiteElo "2108"]
[BlackElo "2036"]

1. d4 f5 2. c4 Nf6 3. Nc3 d6 4. Nf3 g6 5. Bf4 Bg7 6. e3 O-O 7. Bd3 c6 8. O-O Qe8
9. Rc1 Nh5 10. d5 a5 11. Bg3 Nxg3 12. hxg3 e5 13. e4 f4 14. gxf4 exf4 15. Re1
Bg4 16. Be2 Na6 17. dxc6 Qxc6 18. Nd5 Rae8 19. Qd2 Rxe4 20. Qd3 Bf5 21. Qxe4
Bxe4 22. Ne7+ Kh8 23. Nxc6 bxc6 24. Ng5 Bf5 25. Bf3 Nb4 26. Rcd1 Nc2 27. Rf1 Nd4
28. Be4 h6 29. Bxf5 Rxf5 30. Nh3 g5 31. f3 d5 32. cxd5 Rxd5 33. Rfe1 Nf5 34.
Rxd5 cxd5 35. Re8+ Kh7 36. Nf2 Bxb2 37. Ra8 Bc3 38. Nd3 Ne3 39. Kf2 d4 40. Ra7+
Kg6 41. Ne5+ Kf5 42. Nc6 Nc4 43. Rh7 Kg6 44. Rd7 h5 45. Nxd4 g4 46. Ne6 Be5 47.
Nf8+ Kf6 48. Rd5 Kf5 49. Ke2 a4 50. Rc5 Nb6 51. Rb5 Nc4 52. Nd7 Ke6 53. Nc5+ Kd6
54. Nd3 Ke6 55. Nxe5 Nxe5 56. Ra5 h4 57. fxg4 Nxg4 58. Rxa4 Kf5 59. Ra5+ Ne5 60.
a4 Ke4 61. Rxe5+ Kxe5 62. a5 Kd6 63. a6 Kc6 64. Kf3 Kb6 65. Kxf4 Kxa6 66. Kg4
Kb7 67. Kxh4 Kc7 68. Kg5 Kd7 69. Kf6 Ke8 70. Kg7 Ke7 71. g4 1-0

[Event "Challenge"]
[Site "http://www.queenalice.com/game.php?id=1872268"]
[Date "2026.4.21"]
[Round "-"]
[White "Mlintz"]
[Black "Nolimet"]
[Result "0-1"]
[WhiteElo "1789"]
[BlackElo "2018"]

1. e4 d6 2. d4 Nd7 3. Nc3 e5 4. dxe5 dxe5 5. Nf3 Ngf6 6. Bc4 Be7 7. a3 O-O 8.
O-O c6 9. Qe2 b5 10. Ba2 Qc7 11. h3 a5 12. Rd1 Nc5 13. Be3 Ba6 14. Qe1 Rfd8 15.
Ng5 Rxd1 16. Rxd1 Rf8 17. Nxf7 Rxf7 18. Bxf7+ Kxf7 19. f3 b4 20. Bxc5 Bxc5+ 21.
Kh1 bxc3 22. b4 axb4 23. axb4 Bxb4 24. Ra1 Qb6 25. Qd1 Bc5 0-1

[Event "AUTO-MASTER-3304"]
[Site "http://www.queenalice.com/game.php?id=1872710"]
[Date "2026.4.30"]
[Round "1"]
[White "Nolimet"]
[Black "rmvwoods"]
[Result "1/2-1/2"]
[WhiteElo "2037"]
[BlackElo "1960"]

1. e4 e5 2. Nc3 Nf6 3. f4 d5 4. fxe5 Nxe4 5. Qf3 Nxc3 6. dxc3 Be6 7. Be3 Be7 8.
O-O-O O-O 9. Qg3 Bh4 10. Qf4 h6 11. Nf3 Be7 12. Bd3 c5 13. Kb1 Nd7 14. h4 c4 15.
Be2 Nc5 16. Bxc5 Bxc5 17. Nd4 a6 18. Bg4 Qd7 19. Bxe6 fxe6 20. Qg4 Rae8 21. Rhf1
b5 22. Rxf8+ Kxf8 23. Rf1+ Kg8 24. Qg6 Bxd4 25. cxd4 Rf8 26. Rxf8+ Kxf8 27. h5
Qf7 28. Qxf7+ Kxf7 1/2-1/2

[Event "AUTO-MASTER-3304"]
[Site "http://www.queenalice.com/game.php?id=1872712"]
[Date "2026.4.30"]
[Round "1"]
[White "Nolimet"]
[Black "JailtonMaster"]
[Result "0-1"]
[WhiteElo "2032"]
[BlackElo "2175"]

1. e4 e5 2. Nc3 Nf6 3. f4 d6 4. Nf3 Be7 5. Bc4 O-O 6. d3 Bg4 7. O-O c6 8. d4
exf4 9. Bxf4 Nxe4 10. Nxe4 d5 11. Bxd5 Qxd5 12. Nc3 Qh5 13. h3 Be6 14. Qd2 Nd7
15. Kh2 Nf6 16. Rae1 Bb4 17. Re5 Ng4+ 18. Kg1 Nxe5 19. Bxe5 Rad8 20. Qe3 Rfe8
21. Ne4 Bd5 22. c3 Ba5 23. Ng3 Qg6 24. Qf2 f6 25. Bf4 Bxa2 26. Ra1 Bb6 27. Nh4
Qd3 28. Kh2 Bd5 29. Nhf5 g5 30. Bd2 Bc7 31. Kg1 Re6 32. Nh6+ Kh8 33. Nf7+ Kg8
34. Nh6+ Kf8 35. Nhf5 Rde8 36. Bxg5 fxg5 37. Nd6+ Ke7 38. Qf7+ Kd8 39. Rxa7 Re1+
40. Kh2 Bxf7 0-1

[Event "AUTO-MASTER-3304"]
[Site "http://www.queenalice.com/game.php?id=1872713"]
[Date "2026.4.30"]
[Round "1"]
[White "JailtonMaster"]
[Black "Nolimet"]
[Result "1-0"]
[WhiteElo "2173"]
[BlackElo "2034"]

1. d4 f5 2. c4 Nf6 3. Nc3 e6 4. Nf3 Bb4 5. Qc2 O-O 6. e3 Ne4 7. Nd2 d5 8. cxd5
exd5 9. Nxd5 Bxd2+ 10. Bxd2 Nxd2 11. Kxd2 c6 12. Nc3 Kh8 13. Bd3 Qg5 14. g3 b5
15. f4 Qf6 16. a3 Be6 17. b3 Na6 18. Ne2 Rac8 19. b4 Nc7 20. Qxc6 Qf7 21. Qf3
Rfe8 22. Rac1 Bd5 23. Qf1 Bxh1 24. Qxh1 Qa2+ 25. Rc2 Qxa3 26. Bxf5 Qxb4+ 27. Kd1
Qb1+ 28. Nc1 Re7 29. Bxc8 g6 30. Qc6 Qb4 31. Qf6+ Kg8 32. Rxc7 Qa4+ 33. Ke2 1-0

[Event "AUTO-OPEN-4650"]
[Site "http://www.queenalice.com/game.php?id=1872763"]
[Date "2026.5.2"]
[Round "1"]
[White "Eder_Dionatan_da_Silva_Machado"]
[Black "Nolimet"]
[Result "0-1"]
[WhiteElo "1363"]
[BlackElo "2034"]

1. e4 d6 2. d4 Nf6 3. Nc3 Nbd7 4. Bb5 c6 5. Bd3 e5 6. Nf3 Be7 7. O-O h6 8. Re1
Qc7 9. Be3 Nf8 10. dxe5 dxe5 11. Na4 b6 0-1

[Event "AUTO-OPEN-4650"]
[Site "http://www.queenalice.com/game.php?id=1872791"]
[Date "2026.5.2"]
[Round "1"]
[White "bmax"]
[Black "Nolimet"]
[Result "1/2-1/2"]
[WhiteElo "2248"]
[BlackElo "2046"]

1. d4 f5 2. Nf3 Nf6 3. e3 e6 4. Bd3 Be7 5. b3 O-O 6. Bb2 b6 7. Nbd2 Bb7 8. O-O
d6 9. Ng5 Qd7 10. c4 Ne8 11. Qh5 Bxg5 12. Qxg5 Qf7 13. f4 Qf6 14. e4 Qxg5 15.
fxg5 f4 16. Nf3 Nd7 17. a4 a5 18. d5 e5 19. Nh4 g6 20. Rf3 Nc5 21. Bc2 Bc8 22.
g3 Bg4 23. Rf2 fxg3 24. Rxf8+ Kxf8 25. Rf1+ Kg8 26. hxg3 Ng7 27. Ba3 Nh5 28. Kh2
Rf8 29. Rxf8+ Kxf8 30. Bxc5 bxc5 31. Ng2 Kg7 32. Ne3 Bd7 33. Bd1 Kf7 34. Ng4 c6
35. Nh6+ Ke7 36. Bg4 cxd5 37. cxd5 Ng7 38. Bxd7 1/2-1/2

[Event "AUTO-OPEN-4650"]
[Site "http://www.queenalice.com/game.php?id=1872792"]
[Date "2026.5.2"]
[Round "1"]
[White "Nolimet"]
[Black "bmax"]
[Result "1/2-1/2"]
[WhiteElo "2022"]
[BlackElo "2263"]

1. e4 c6 2. d4 d5 3. Nc3 dxe4 4. Nxe4 Bf5 5. Ng3 Bg6 6. h4 h6 7. Nf3 Nd7 8. Bc4
e6 9. Qe2 Qb6 10. c3 Ngf6 11. h5 Bh7 12. O-O Bd6 13. Ne5 O-O 14. Be3 Qc7 15. Bf4
b5 16. Bb3 a5 17. Rfe1 a4 18. Bc2 Bxc2 19. Qxc2 Nd5 20. Nxd7 Qxd7 21. Bxd6 Qxd6
22. Ne4 Qf4 23. Qe2 Qh4 24. g3 Qh3 25. Qf3 Rac8 26. Rac1 f5 27. Nc5 Rfe8 28.
Rxe6 Rxe6 29. Nxe6 Re8 30. Re1 Nf6 31. Re5 Qxh5 32. Qxh5 Nxh5 33. Nf4 Rxe5 34.
dxe5 Nxf4 35. gxf4 Kf7 36. Kg2 Ke6 37. Kf3 g5 38. b3 a3 39. Ke3 gxf4+ 40. Kxf4
h5 41. Kg5 Kxe5 42. Kxh5 Ke4 43. Kh4 Kf3 44. Kg5 f4 45. Kf5 Kxf2 1/2-1/2

[Event "AUTO-OPEN-4650"]
[Site "http://www.queenalice.com/game.php?id=1872811"]
[Date "2026.5.2"]
[Round "1"]
[White "Nolimet"]
[Black "dosoldini"]
[Result "1-0"]
[WhiteElo "2014"]
[BlackElo "1637"]

1. e4 e5 2. Nc3 Bc5 3. Bc4 Bxf2+ 4. Kxf2 Qf6+ 5. Nf3 Qb6+ 6. d4 exd4 7. Qxd4
Qxd4+ 8. Nxd4 Ne7 9. Re1 O-O 10. Ndb5 a6 11. Nxc7 Ra7 12. Be3 b6 13. N7d5 Nxd5
14. Bxd5 1-0

[Event "AUTO-OPEN-4650"]
[Site "http://www.queenalice.com/game.php?id=1872812"]
[Date "2026.5.2"]
[Round "1"]
[White "dosoldini"]
[Black "Nolimet"]
[Result "0-1"]
[WhiteElo "1582"]
[BlackElo "2025"]

1. e4 d6 2. d4 Nd7 3. Nf3 e5 4. d5 Ngf6 5. Nc3 Be7 6. h3 O-O 7. Be3 b6 8. Bb5 a6
9. Bxd7 Nxd7 10. Qd3 Nc5 11. Qe2 f5 12. Bxc5 bxc5 13. a3 f4 14. O-O-O Bd7 15. h4
Bg4 16. Kb1 Bxh4 17. Rd3 Rb8 18. Rxh4 Bxf3 19. Rxf3 Qxh4 20. Qf1 Rf6 21. Rh3 Qg4
22. f3 Qg6 23. Rh4 Qf7 24. Ne2 Qe8 25. g3 Qb5 26. Qc1 Qxe2 27. b3 a5 28. g4 Qxf3
29. Ka2 Qxe4 30. g5 Rf7 0-1